| 000 | 01830ncm0a22003731 4500 | ||
|---|---|---|---|
| 001 | RU\NLR\ONIZ\218864 | ||
| 005 | 20250626062717.0 | ||
| 013 | _a979-0-9003114-3-6 | ||
| 021 |
_aRU _b15-64н _915-4н |
||
| 035 | _aRU\NLR\ONIZ\Таня\5000004809\20170621164132 | ||
| 035 | _a(NLR Aleph) 011415351 | ||
| 090 |
_a11581638 _c11581638 |
||
| 100 | _a20170621d2014 |||y0rusy50 ca | ||
| 101 | 0 | _arus | |
| 102 | _aRU | ||
| 125 | _aax | ||
| 145 | 0 | _ab | |
| 200 | 1 |
_aОт фуги до буги-вуги _bНоты _eиграет анс. "Элегия" _e[для трио домр] _fсост. Л. А. Волков |
|
| 208 | _a[Партитура] | ||
| 210 |
_aТюмень _cРИЦ ТГАКИиСТ _d2014 |
||
| 215 |
_a73 с. _cил. _d29 см |
||
| 313 | _aСистематизация документа проведена по изданию - Методика классифицирования музыкальных произведений (нотных изданий) по таблицам Библиотечно-библиографических классификаций : метод. рекомендации / Гос. б-ка СССР им. В.И. Ленина.- М., 1977. Индексу ББК методических рекомендаций присваивается код ББК для научных библиотек - LBC/SL | ||
| 606 | 1 |
_aПроизведения для трио домр _jНоты _2nlr_sh |
|
| 686 |
_aЩ952.838.8-0я43 _vLBC/SL _2rubbk |
||
| 701 | 1 |
_9z02790 _aВолков _bЛ. А. _4220 |
|
| 790 | 1 |
_9z02701 _aVolkov _bL. A. _4220 |
|
| 801 | 0 |
_aRU _bNLR _c20170621 _gPSBO |
|
| 801 | 1 |
_aRU _bNLR _c20170621 _2rusmarc |
|
| 801 | 2 |
_aRU _bNLR _c20170621 |
|
| 852 |
_aNLR _bМ _jК-3/28543 _pМОЭ 2015-4н/64н (2 экз.) _t1 |
||
| 942 | _cSCORE | ||
| 980 | _aNB | ||
| 980 | _aONIZ | ||